Normal view
MARC view
- Wissmann, Jeanne.
Entry Personal Name
001 - CONTROL NUMBER
- control field: 11535
003 - CONTROL NUMBER IDENTIFIER
- control field: OSt
005 - DATE AND TIME OF LATEST TRANSACTION
- control field: 20160716133806.0
008 - FIXED-LENGTH DATA ELEMENTS
- fixed length control field: 160716|| aca||aabn | a|a d
040 ## - CATALOGING SOURCE
- Original cataloging agency: OSt
100 ## - HEADING--PERSONAL NAME
- Personal name: Wissmann, Jeanne.
- Relator term: Editor
